Guidelines for the fisheries and aquaculture sector on damage and needs assessments in emergencies / (Record no. 20944)

000 -LEADER
fixed length control field 00870cam a22002657a 4500
020 ## - INTERNATIONAL STANDARD BOOK NUMBER
ISBN 9789251079140 (pbk.)
020 ## - INTERNATIONAL STANDARD BOOK NUMBER
ISBN 9251079145 (pbk.)
040 ## - CATALOGING SOURCE
Transcribing agency BTCTA
082 04 - DEWEY DECIMAL CLASSIFICATION NUMBER
Classification number 639 GUI 2013 C132 Or.
245 00 - TITLE STATEMENT
Title Guidelines for the fisheries and aquaculture sector on damage and needs assessments in emergencies /
260 ## - PUBLICATION, DISTRIBUTION, ETC. (IMPRINT)
Place of publication Rome :
Name of publisher Food and Agriculture Organization of the United Nations,
Year of publication 2013.
300 ## - PHYSICAL DESCRIPTION
Number of Pages viii, 114 p. :
Other physical details ill. (some col.) ;
Dimensions 25 cm.
650 #0 - SUBJECT ADDED ENTRY--TOPICAL TERM
Topical Term Fisheries.
650 #0 - SUBJECT ADDED ENTRY--TOPICAL TERM
Topical Term Aquaculture.
650 #0 - SUBJECT ADDED ENTRY--TOPICAL TERM
Topical Term Emergency management.
650 #0 - SUBJECT ADDED ENTRY--TOPICAL TERM
Topical Term Natural disasters.
650 #7 - SUBJECT ADDED ENTRY--TOPICAL TERM
Topical Term Aquaculture.
650 #7 - SUBJECT ADDED ENTRY--TOPICAL TERM
Topical Term Emergency management.
650 #7 - SUBJECT ADDED ENTRY--TOPICAL TERM
Topical Term Fisheries.
650 #7 - SUBJECT ADDED ENTRY--TOPICAL TERM
Topical Term Natural disasters.
700 1# - ADDED ENTRY--PERSONAL NAME
Personal name Brown, David W.
700 1# - ADDED ENTRY--PERSONAL NAME
Personal name Poulain, Florence.
710 2# - ADDED ENTRY--CORPORATE NAME
Corporate name or jurisdiction name as entry element Food and Agriculture Organization of the United Nations.
942 ## - ADDED ENTRY ELEMENTS (KOHA)
Koha item type ADB
952 ## - LOCATION AND ITEM INFORMATION (KOHA)
Withdrawn status [LOCAL, KOHA] 0
Holdings
Permanent Location Date acquired Koha item type Lost status Shelving location Barcode Current Location Full call number
Library Block A2023-01-18ADB A084a071313Library Block A639 GUI 2013 A084 Or.
មជ្ឈមណ្ឌលឯការនៃសាកលវិទ្យាល័យភូមិន្ទកសិកម្មចំការដូង

Powered by Koha